00313nam a2200097Ia 4500008004100000245004000041260002500081300002000106650001100126856007800137160712s9999 xx 000 0 und d aNever Fall in Love with an Insomiac c2012bDiliman Review avol. 59 no. 1-4 xPOETRY uhttp://journals.upd.edu.ph/index.php/dilimanreview/issue/view/390/showToc